00470 2200181 4500001002100000005001500021035002000036245003500056100002100091250001700112300002800129260003900157082000800196084001400204020002200218650001400240500003400254INLIS00000000000017820240511060706 a0010-05240001001 aGempa Bumi /cRahmat Margajaya0 aRahmat Margajaya acetakan ke-1 a52 hlm :bilus ;c21 cm aJakarta :bAzka Mulia Media,c2006 a813 a813 RAH g a978-979-1211-03-5 4aBuku anak aSeri Pengetahuan Bencana Alam